[Event "Subotica TS03 GM"]
[Site "Subotica"]
[Date "2003.03.23"]
[Round "1"]
[White "Delchev, Aleksander"]
[Black "Ivanovic, Bozidar"]
[Result "1-0"]
[WhiteElo "2583"]
[BlackElo "2501"]
[Annotator "Golod,V"]
[PlyCount "73"]
[EventDate "2003.03.23"]
[EventType "tourn"]
[EventRounds "11"]
[EventCountry "YUG"]
[EventCategory "9"]
[SourceTitle "CBM 095"]
[Source "ChessBase"]
[SourceDate "2003.07.25"]
[SourceVersion "1"]
[SourceVersionDate "2003.07.25"]
[SourceQuality "1"]

1. e4 c5 2. Nf3 e6 3. d4 cxd4 4. Nxd4 Nf6 5. Nc3 Nc6 6. Ndb5 Bb4 7. a3 Bxc3+ 8.
Nxc3 d5 9. Bd3 dxe4 $5 ({Less popular is:} 9... d4 {See comments to Svidler,
P-Al Modiahki,M/Bermuda,2003/CBM 94(1-0)(Golod,V)(48)}) 10. Nxe4 {In this
variation White can hope only for the minimal advantage.} Nxe4 {Other moves
did not meet in this position!} 11. Bxe4 $140 Qxd1+ 12. Kxd1 Bd7 13. Be3 f5 $5
({Also repeatedly were checked up in previous games:} 13... O-O-O) 14. Bf3 {
In my opinion,this move is better,than 14.Bd3} e5 15. Kc1 $1 {[%cal Gh1d1]
After exchange of the queens,White should play extreme precisely to receive a
advantage.} ({Were checked in the preceding games:} 15. Re1 $5) (15. Bd5 $6) ({
and} 15. b4 $5 {[%cal Yd1c1,Yc1b2]} O-O-O 16. Kc1 Nd4 17. Bxd4 exd4 18. Re1
Rhe8 19. Kd2 {[%csl Rd4] +/=/= Fischer,R-Bolbochan,J/Mar del Plata,1959(1-0)
(50)}) 15... Rc8 $6 $146 (15... e4 $142 16. Bh5+ g6 17. Be2 O-O-O 18. b3 Be6
19. Kb2 Nd4 20. Bf1 {+/=/= Lawrence,T-Van Vliet,L/London,1900(1/2-1/2)(43)})
16. Rd1 e4 ({It deserves attention:} 16... b6 {[%csl Rd4][%cal Gf5f4] /\f4 and
Nd4}) 17. Bh5+ $1 {[%csl Ge3,Re8] White perfectly use weakness of the Black's
king,and opens up to the end a diagonal "a1-h8" for his bishop.} g6 ({Hardly
is better:} 17... Ke7 18. Bc5+ Kd8 19. b4 $36) 18. Be2 Be6 19. b3 {[%csl Ya1,
Yd1][%cal Yc1b2] At last,White connect the rooks.} Kf7 ({Leads to favourable
complications for White:} 19... Bxb3 20. cxb3 Nd4+ 21. Bc4 $5 (21. Kb2 $5 Nxe2
(21... Rc2+ $4 22. Kb1 {[%csl Rc2,Rd4]}) 22. Rd2 (22. Re1 $143 f4 $8 (22... Nc3
$4 23. Rac1 {[%csl Rc3,Rc8][%cal Gc1c3]}) 23. Rxe2 (23. Bxa7 f3) (23. Bxf4 {
[%csl Re8]} O-O 24. Be3 Nf4 $11) 23... fxe3 24. Rxe3 O-O $11 {[%csl Rf2]})
22... f4 23. Bxa7 f3 24. gxf3 exf3 25. Rad1 $14) (21. Kd2 $143 Rc2+ (21...
Nxb3+ $6 22. Ke1 Nxa1 23. Rxa1 $14) 22. Ke1 Nxe2 (22... Rxe2+ $2 23. Kf1 Rxe3
24. fxe3 Nc2 {[%csl Ra1,Rd1,Rf1][%cal Gc2a1,Gc2e3]} 25. Rdc1 $1 Nxa1 26. Rc8+
Kd7 27. Rxh8 $16) 23. Rd2 $140 Rc1+ $1 (23... Rxd2 $2 24. Kxd2 f4 25. Kxe2 fxe3
26. Kxe3 $16) 24. Kxe2 Rxa1 25. Bd4 {[%csl Ra1,Rh8]} Rxa3 26. Bxh8 Rxb3 {+/=/=}
) 21... Nxb3+ 22. Kb2 Nxa1 23. Be6 {[%csl Ra1,Rc8]} Rd8 24. Rxa1 Ke7 25. Bb3
$14) 20. Kb2 $14 a6 {[%cal Ye3a7]} ({Is a possibble continuation of the play:} 
20... b6 $5 {[%csl Ya7,Yb6,Ge3]}) 21. f3 {[%csl Ye2] It is necessary to open a
/^ a8-h1 for the second bishop.} exf3 (21... Rhe8 $143 22. fxe4 fxe4 23. Rf1+
Kg8 24. h3 {+/=/=}) 22. Bxf3 Rhe8 23. Bf4 {[%csl Ga3,Ra6,Gb3,Rb7,Gc2][%cal
Yf4b8,Gf3a8] Two bishops and pawns advantage on the queen side- gives the big
hope for a victory.} Red8 24. Bg5 $1 {<->d} Rxd1 25. Rxd1 Rc7 {[%csl Yc7][%cal
Yc7b7]} 26. c4 $6 {It's discrepancy,which allows to improve a position of the
Black's pieces.} (26. Bf4 $142 Rd7 27. Rxd7+ Bxd7 28. c4 {+/=/+/-}) 26... Rd7
$2 ({Bozidar Ivanovich did not use an opportunity,given by his contender:} 
26... Ne5 $5 27. Bf4 Kf6 $14 {[%csl Rd3][%cal Gg6g5,Ye5d3]}) 27. Rxd7+ Bxd7 28.
Kc3 $16 Be6 $2 {It already decisive mistake.} ({Can be recommended:} 28... Ke8
{[%cal Gb7b5]} 29. Bd5 $16 b5 $140 $6 30. cxb5 axb5 31. a4 bxa4 32. bxa4 Ne7 {
[%csl Ra4,Rd5]} 33. Bb3 Nc6 34. Be3 {[%csl Ga4][%cal Ge3b6]}) 29. Bxc6 $1 bxc6
30. Kb4 {[%csl Ra6,Rc6][%cal Gb4a5,Gb4c5] Black can not simultaneously protect
all weaknesses.} f4 31. Ka5 ({Also good enough:} 31. Kc5 Bf5 (31... Bd7 32.
Bxf4 {[%csl Ra6,Rc6][%cal Gc5b6]}) 32. Kxc6 Be4+ 33. Kb6 Bxg2 34. Bxf4 $18)
31... Ke8 (31... Bc8 $144 32. Kb6 {[%csl Ra6,Rc6]}) 32. Kxa6 $18 Bg4 33. c5 Bd1
34. a4 $1 {[%csl Ga4,Rd1][%cal Ga4a5,Yg5d8,Ya6b7,Ga5a6,Ga6a7,Ga7a8] It is
necessary to give back the Black's bishop behind this pawn.} Bxb3 35. a5 f3 36.
gxf3 Kd7 37. Kb7 1-0

[Event "Mitropa Cup 21st"]
[Site "Leipzig"]
[Date "2002.05.06"]
[Round "4.2"]
[White "Jenni, Florian"]
[Black "Golubovic, Boris"]
[Result "1/2-1/2"]
[WhiteElo "2508"]
[BlackElo "2462"]
[Annotator "Golod,V"]
[PlyCount "92"]
[EventDate "2002.05.03"]
[EventType "team-tourn"]
[EventRounds "9"]
[EventCountry "GER"]
[SourceTitle "CBM 089"]
[Source "ChessBase"]
[SourceDate "2002.08.12"]
[SourceVersion "1"]
[SourceVersionDate "2002.08.12"]
[SourceQuality "1"]
[WhiteTeam "Switzerland"]
[BlackTeam "Croatia"]
[WhiteTeamCountry "SUI"]
[BlackTeamCountry "CRO"]

1. e4 c5 2. Nf3 e6 3. d4 cxd4 4. Nxd4 Nf6 5. Nc3 Nc6 6. Ndb5 Bb4 7. a3 Bxc3+ 8.
Nxc3 d5 9. exd5 {It's main line.} (9. Bd3 $5 {See comments to Ponomariov,
R-Kortschnoj,V/Donetsk,2001/CBM 81(1/2-1/2)(Golod,V)(63)}) 9... exd5 10. Bd3
O-O 11. O-O d4 12. Ne2 ({Nowadays is not actually:} 12. Ne4 {See comments to
Zapata,A-Lima,D/Santos,2001/CBM 82(1-0)(Golod,V)(34)}) 12... Bg4 13. Bg5 Qd6
14. Qd2 Bxe2 ({Pretty dubiously:} 14... Bh5 {[%cal Gh5g6] in view of:} 15. Nf4
{[%csl Rh5]}) 15. Bf4 {The important intermediate move.Differently,at white
don't have a advantage:} (15. Qxe2 $6 {See comments to Barua,D-Thipsay,P/
Calcutta,2001/CBM 85(0-1)(Golod,V)(45)}) 15... Qd7 ({Was checked in the
previous game:} 15... Qd5 $5 16. Bxe2 Rfe8 {You can see comments to Leko,
P-Grischuk,A/Linares,2001/CBM 82(1/2-1/2)(Golod,V)(48)}) 16. Bxe2 Rfe8 {
[%csl Yd5,Ye4] Black pieces can occupy the centre, but I do not consider,that
they have equality.NN is weaker than the BB.} 17. Bf3 $6 $146 {A little hasty
move. Now black can destroy the bishop of white.} (17. Rfe1 $142 Re7 (17... Qf5
$5 18. Bd3 Ne4 19. Qc1 Qd5 20. Qd1 {[%cal Gd1f3] +/=/=}) 18. Bf3 $14 {[%csl
Gf3,Gf4]} Rae8 19. Rxe7 Rxe7 20. Re1 Rxe1+ 21. Qxe1 h6 22. Qe2 g5 $2 (22... Qf5
$142) 23. Bc1 Qc7 24. h4 $1 $16 {[%csl Rg5,Rh6] Kupreichik,V-Palatnik,S/Rostov,
1980(1-0)(41)}) 17... Ne5 $1 18. Bxe5 (18. Be2 $143 Ng6 {[%csl Rf4][%cal Gf6e4,
Gg6f4]} 19. Bd3 Ne4 $11) 18... Rxe5 19. Rad1 {[%csl Rd4]} ({In my opinion it
was better:} 19. Rfe1 {with idea to exchange a pair of rooks.}) 19... Rd8 $11
20. Qb4 ({Again deserves attention:} 20. Rfe1) 20... a5 ({Can be recommended:} 
20... Re6 $1 $11 {[%csl Rb2][%cal Ge6b6]} 21. Qxb7 $140 $2 ({Loses right away:
} 21. Bxb7 $4 Rb8 $140 22. Bc6 {because of:} Qc8 {[%csl Rb4,Rc6]}) 21... Qxb7
22. Bxb7 Rb6 $15 {[%csl Rb2,Rb7]}) 21. Qc4 h6 {[%csl Yh7][%cal Yg8h7] The
useful preventive move.} 22. Rfe1 Rxe1+ $1 ({Weakly:} 22... Qb5 {in view of:}
23. Qc7 {[%csl Rd8,Re5]} Rxe1+ (23... Rde8 $143 24. Rxe5 Qxe5 {[%csl Rg1]} 25.
Qxe5 Rxe5 26. Kf1 Rc5 27. Rd2 b5 28. Ke2 {[%csl Rd4,Ye2][%cal Ye2d1,Yd1c2,
Gd2d4]}) 24. Rxe1 Rd7 25. Qc8+ Kh7 26. b3 $14 {[%cal Gf3e2,Ge2d3]}) 23. Rxe1
$140 d3 {Black get rid of the sole weakness.} 24. cxd3 (24. Rd1 $6 d2 $13 {
[%csl Gd2]}) 24... Qxd3 25. Qxd3 Rxd3 {[%cal Gd3b3]} 26. Rd1 (26. Bxb7 $143 Rb3
27. Bf3 Rxb2 $11) 26... Rxd1+ 27. Bxd1 {Symbolical advantage on the party of
white, but,it is obviously,not enough for a victory.} Kf8 28. Kf1 Ke7 29. Ke2
Kd6 30. Kd3 Nd5 ({A little worse is:} 30... Kc5 31. Bb3 $140 Ng4 {[%csl Rf2,
Rh2]} 32. f4 {[%csl Rf7] +/=/=} (32. f3 $143 Ne5+ 33. Kc3 b5 {[%cal Ge5c4]}))
31. Kd4 Ne7 32. Bb3 f6 33. Bc2 b6 {[%csl Ya5,Yb6,Gc2,Yf6,Yg7,Yh6] Black's
pawns leave a field of sight of the white bishop.} 34. f4 Kc6 {[%csl Ye7]} 35.
g3 Kd6 $11 {Black have constructed an impenetrable fortress!} 36. h4 Nc6+ 37.
Ke4 Ne7 38. g4 Ng6 39. h5 Ne7 40. Bd1 Ke6 41. Bb3+ Kd6 42. Bf7 Nc6 43. Bd5 Ne7
44. Ba2 Nc6 45. g5 Ne7 46. gxf6 gxf6 1/2-1/2

[Event "Olympiad-33"]
[Site "Elista"]
[Date "1998.10.04"]
[Round "6.2"]
[White "Morozevich, Alexander"]
[Black "Sulskis, Sarunas"]
[Result "1/2-1/2"]
[WhiteElo "2625"]
[BlackElo "2555"]
[Annotator "Golod,V"]
[PlyCount "87"]
[EventDate "1998.09.29"]
[EventType "team-swiss"]
[EventRounds "13"]
[EventCountry "RUS"]
[SourceTitle "CBM 068"]
[Source "ChessBase"]
[SourceDate "1999.02.01"]
[SourceVersion "1"]
[SourceVersionDate "1999.02.01"]
[SourceQuality "1"]
[WhiteTeam "Russia"]
[BlackTeam "Lithuania"]
[WhiteTeamCountry "RUS"]
[BlackTeamCountry "LTU"]

1. e4 c5 2. Nf3 e6 3. Nc3 Nc6 4. d4 cxd4 5. Nxd4 Bb4 $5 6. Ndb5 $5 (6. a3 $6 {
is the first(!!!) game in this variation.} Bxc3+ 7. bxc3 Nf6 8. Bd3 Qe7 9. Nb5
d6 10. f4 a6 11. Nd4 Nxd4 12. cxd4 e5 13. fxe5 dxe5 14. d5 Nxe4 15. Be3 Nf6 16.
c4 Bg4 17. Qa4+ Qd7 18. Qb4 $44 {1-0 Lasker,E-Celsito/Havana 1893/EXT 99 (34)})
({Another line is:} 6. Nxc6 $5) 6... a6 $5 (6... Nf6 $5 {Is the main line.}) 7.
Nd6+ Ke7 (7... Bxd6 $2 8. Qxd6 Qe7 (8... Nge7 9. Bf4 O-O 10. O-O-O {1-0 Luett,
M-Beciraj,M/Berlin 1994/EXT 97 (41) +/=/+/-}) 9. Qg3 $1 (9. Bf4 $143 e5 10.
Qxe7+ Ngxe7 11. Bg3 (11. Be3 O-O 12. O-O-O b5 13. Bc5 $14 {1-0 Nolte,R-Regis,I/
Manila 1997/EXT 98 (34)}) 11... O-O 12. O-O-O f5 13. f3 b5 14. Nd5 $14 {
0-1 Mlotkowski,S-Eisenberg,L/St.Louis 1904/HCL (35)}) 9... f6 (9... Qf6 10. Be3
Nge7 11. O-O-O Qg6 12. Qd6 O-O 13. h4 $16 {1-0 Burijovich,L-Prince,M/
Thessaloniki 1988/EXT 97 (31)}) 10. Be3 Qf7 11. Be2 Nge7 12. O-O-O d5 13. exd5
exd5 14. Bf3 Be6 15. Qc7 $16 {0-1 Creyghton-Keller,H/Barmen 1905/EXT 99 (32)})
8. Nxc8+ $6 $146 {[%mdl 8]} (8. Bf4 $142 Nf6 (8... e5 $5 9. Nxc8+ (9. Bg5+ $5
f6 10. Nf5+ Kf8 11. Bd2 Nge7 12. Ne3 d6 13. Ncd5 $14 {1/2-1/2 Benend,
A-Klingenberg,H/Baden 1995/EXT 99 (24)}) 9... Rxc8 10. Bd2 Bxc3 11. Bxc3 Nf6
12. Bd3 d5 13. exd5 Qxd5 14. O-O $14 {1/2-1/2 Garcia,R-Schweber,S/Buenos Aires
1963/MCD (43)}) (8... Qa5 $2 9. Qd2 Nf6 (9... Bxc3 $143 10. bxc3 Nf6 11. Be2 b5
12. O-O Rd8 13. Nf5+ $1 exf5 14. Bd6+ Ke8 15. exf5 $18 {1-0 Hartston,W-Roth,D/
Bath 1963/EXT 99 (22)}) 10. Nc4 Qd8 11. Bd6+ Ke8 (11... Bxd6 12. Qxd6+ Ke8 13.
e5 $16) 12. Bxb4 Nxb4 13. a3 Nc6 14. e5 Ng4 15. Qf4 $16 {1-0 Hillenbrand,A-Von
Reth,A/Neuwied 1993/GER (38)}) 9. Bc4 $2 (9. a3 $1 Bxc3+ (9... Bc5 10. e5 Ne8
11. Nce4 $16) 10. bxc3 Qa5 11. Qd2 Ne5 12. Be2 Qc5 13. Rd1 $16) 9... Qa5 $1 10.
O-O Ne5 11. Nxc8+ Raxc8 12. Bb3 Bxc3 13. bxc3 Qxc3 (13... Nxe4 $4 14. Qd4 $18 {
[%csl Re4,Re5]}) 14. Re1 d6 $17 {1/2-1/2 Smyslov,V-Larsen,B/Moscow,1959
[Chekhov] (39)}) 8... Rxc8 9. Bd3 $5 {(/\0-0)} ({Worse is:} 9. Bd2 Nf6 10. Bd3
d5 $11) 9... Nf6 10. O-O Bxc3 $5 ({Dubious:} 10... Ne5 {because of:} 11. Bd2 d5
$140 12. exd5 Nxd3 (12... Bxc3 $5 13. Bxc3 Qxd5 (13... Nxd3 14. Qxd3 Qxd5 15.
Qg3 $14 {[%csl Rg7]}) 14. Be2 $14) 13. cxd3 Bxc3 14. bxc3 (14. Bxc3 $2 Qxd5 $15
) 14... Qxd5 15. c4 {and white has a strong initiative.}) 11. bxc3 d6 12. Rb1 {
[%csl Rb7][%cal Gb1b7]} Qc7 13. Qe1 $1 {White's plan is:f4,Qh4 with the
initiative.} e5 $5 (13... d5 $2 14. exd5 Nxd5 15. c4 $16 {[%csl Re7][%cal
Gc1a3]}) (13... Ne5 $6 14. f4 Nxd3 15. cxd3 $14 {[%csl Rb7]}) 14. Qe3 $6 ({
Better is:} 14. f4 $5 Rhe8 (14... exf4 15. Bxf4 Ne5 16. Bg5 Qc5+ 17. Kh1 $14) (
14... h6 $6 15. Qg3 $36) 15. fxe5 Nxe5 16. Bg5 $36) 14... Rhe8 $6 (14... Nd8
$142 $5 {/\Ne6(><c5,f4,g7),Nd7(><e5)}) 15. Qh3 {/\Bg5 or f4} h6 {[%cal Yh6g5]}
16. Qh4 $5 $36 {(with the idea after 16...Kf8?17.Bxh6!)} Nd8 $1 {/\Ne6(><f4)}
17. f4 Ne6 18. fxe5 dxe5 19. Kh1 $5 ({Worse is:} 19. Ba3+ Nc5 $8 (19... Kd7 $2
20. Rfd1 Kc6 21. Bc4 $18 {[%cal Gc4d5]}) 20. Qf2 Kf8 21. Bxc5+ Qxc5 22. Rxb7
Qxf2+ 23. Kxf2 Rxc3 24. Rfb1 {+/=/=}) (19. Bxh6 $2 Rh8 20. Bxg7 Rxh4 21. Bxf6+
Ke8 22. Bxh4 b5 $13) 19... Nc5 20. Rf3 $6 (20. Bxh6 $2 Rh8 21. Bxg7 Rxh4 22.
Bxf6+ Kf8 23. Bxh4 b5 $13) ({Can be recommended:} 20. Ba3 $5 {+/=/+/-}) 20...
Nxd3 21. Rxd3 {[%csl Rf6][%cal Gc1a3,Gc1h6]} (21. cxd3 $143 Qxc3 22. Rxf6 $5 (
22. Bxh6 Rh8 $13) 22... gxf6 23. Rxb7+ Rc7 24. Rxc7+ Qxc7 25. Ba3+ Kd7 (25...
Ke6 $4 26. Qg4+ f5 27. Qxf5#) 26. Qxf6 Rb8 $13) 21... Kf8 $2 ({Good enough:} 
21... Red8 $5 22. Ba3+ Ke8 23. Qg3 (23. Rg3 $143 Qb6 $1 $36) 23... Rxd3 24.
Qxd3 (24. cxd3 $2 Qxc3 25. Bd6 Qc1+ 26. Qe1 Qxe1+ 27. Rxe1 Rc2 $17) 24... b5
$13 (24... Qxc3 $4 25. Qd6 {[%csl Re8]} Rc7 26. Rd1 $18 {[%cal Gd6f8]})) 22.
Bxh6 gxh6 ({Loses:} 22... Nxe4 $4 {in view of:} 23. Qxe4 gxh6 24. Rxb7 Qc6 $142
(24... Qc4 25. Qh7 Rc7 26. Qxh6+ Ke7 (26... Kg8 27. Rg3+) 27. Qd6#) (24... Qc5
25. Rxf7+ $1 Kxf7 26. Qf5+ Kg7 (26... Ke7 27. Rd7#) 27. Rg3+ Kh8 28. Qf6+ Kh7
29. Qg7#) (24... Qa5 25. Qh7 Rc7 26. Qxh6+ Ke7 (26... Kg8 27. Rg3#) 27. Qd6#)
25. Qh7 {[%csl Rf8][%cal Gh7h8,Gh7f7]} Qf6 26. Rf3 Rcd8 27. Rxf7+ Qxf7 28.
Qxf7#) (22... Re6 $6 23. Bg5 $16) 23. Qxf6 Re6 24. Qf5 $16 ({Worse is:} 24.
Qh8+ Ke7 25. Qh7 Rf6 $1 $14) 24... Kg7 25. Rf1 {/\Rdf3 or Rg3} Rg8 $5 {[%mdl
256]} 26. Rdf3 $6 ({Can be recommended:} 26. Rfd1 $5 $40 {[%csl Gd3,Rd7][%cal
Gd3d7]}) 26... Kh8 ({The move:} 26... Rf8 $2 {is refuted by:} 27. Rg3+ Kh8 28.
Qxe6 fxe6 29. Rxf8+ Kh7 30. h3 {+/-/+-}) 27. Qh3 $5 {/\Rf6(קh6)} (27. Qxf7
Qxf7 28. Rxf7 Rg7 {and white has a slight advantage in the endgame.} (28... Rb6
$5)) 27... Rg7 28. Rf6 Qd6 $1 29. Rxe6 (29. Qxh6+ $143 Rh7 30. Rxe6 Rxh6 31.
Rxd6 Rxd6 32. h3 Kg7 33. Rb1 Rd2 34. Rxb7 Rxc2 35. a4 Rxc3 36. Rb6 Rc4 37. Rxa6
Rxe4 $14) 29... Qxe6 30. Qxe6 fxe6 31. Rf6 {[%mdl 4096]} Kh7 $1 {/\Rc7(קc3,
Pc2,Pa2)} (31... Rg4 $2 32. Rxh6+ Kg7 33. Rxe6 Rxe4 34. Kg1 $18) 32. Rxe6 Rc7
33. Rb6 (33. Rxe5 $143 Rxc3 34. Re7+ Kg6 35. Rxb7 Rxc2 {[%csl Ra2,Rh1] +/=/=})
33... Rxc3 34. Rxb7+ Kg6 $1 35. Rb2 (35. Rb6+ Kg5 36. Rxa6 Rxc2 {[%csl Re4,Rh1]
[%cal Gc2c4,Gc4e4] +/=/=}) 35... Re3 36. Kg1 Rxe4 37. Kf2 Kf5 $5 38. c3 (38.
Rb6 h5 $142 39. Rxa6 $140 Rc4 {[%csl Rc2]}) 38... Rc4 39. Rb3 a5 $1 $11 {
/\a4(קc3) By the exact play in the middlegame and the endgame black equalizes.
} 40. h3 h5 41. Ke2 a4 42. Rb4 Rxc3 43. Rxa4 e4 44. Ra8 (44. Ra8 Rc2+ 45. Ke3 (
45. Kf1 $2 Kf4) 45... Rxg2 46. Ra5+ Kg6 47. Kxe4 Rg3 48. a4 Rxh3 $11) 1/2-1/2

[Event "Sufe Cup"]
[Site "Shanghai"]
[Date "2000.03.13"]
[Round "11"]
[White "Peng, Xiaomin"]
[Black "Filippov, Valerij"]
[Result "1/2-1/2"]
[WhiteElo "2624"]
[BlackElo "2584"]
[Annotator "Golod,V"]
[PlyCount "85"]
[EventDate "2000.03.03"]
[EventType "tourn"]
[EventRounds "13"]
[EventCountry "CHN"]
[EventCategory "13"]
[SourceTitle "CBM 076"]
[Source "ChessBase"]
[SourceDate "2000.05.31"]
[SourceVersion "1"]
[SourceVersionDate "2000.05.31"]
[SourceQuality "1"]

1. e4 c5 2. Nf3 e6 3. Nc3 Nc6 4. d4 cxd4 5. Nxd4 Nf6 6. g3 $5 {Besides white
has two principales moves:} (6. Nxc6) ({and} 6. Ndb5) 6... d5 7. exd5 ({
Another alternative is:} 7. Bg2 {See comments to Kuzuev,D-Filippov,V/St.
Petersburg,1998/ CBM67(0-1)(Ftacnik,L)(52)}) 7... Nxd5 ({In my view a little
worse is:} 7... exd5 {See Ligterink,G-Kouatly,B/Budel (zt),1987/ Inf 43/223
(1-0)(Kouatly,B)(52)}) 8. Bg2 {It's main line,other options are:} (8. Nxc6) ({
and} 8. Nde2) 8... Nxc3 {[%mdl 4]} ({Also was checked repeatedly in the
previous games:} 8... Ndb4) ({other possibilities are:} 8... Bb4) ({and} 8...
Qb6) 9. bxc3 Nxd4 ({It deserves attention:} 9... Bd7 10. O-O Be7 11. Rb1 Na5
12. Qh5 (12. Nb5 O-O $6 (12... Bc6 $5) 13. Bf4 Rc8 14. Nxa7 Rxc3 15. Bd2 $14 {
Georgieva,L-Zimina,O/Oropesa del Mar, 1998(0-1)(49)}) 12... O-O 13. Rd1 Rc8 14.
Be4 g6 15. Qf3 Qc7 16. Bh6 Rfd8 17. Bxb7 Rb8 18. Be4 Nc4 $44 {Bengtsson,
B-Helmertz,P/SWE-ch,1975 (0-1)(40)}) 10. Qxd4 Be7 ({In Chekhov's opinion after:
} 10... Qxd4 11. cxd4 Bb4+ 12. Ke2 Bc3 13. Rb1 Bxd4 14. Ba3 {[%csl Ya3,Re8]
white has a big advantage.}) 11. Qxd8+ Kxd8 $6 ({Probably better is:} 11...
Bxd8 12. O-O {See Movsesian,S-Chekhov,V/Deutschland, 1996/Inf 65/185(1/2-1/2)
(Chekhov,V)(35)} (12. Rb1 $143 Ba5 13. Ba3 Bxc3+ 14. Ke2 Be5 15. f4 Bc7 16.
Bxb7 Bxb7 17. Rxb7 Kd7 18. Rb3 {1/2-1/2 Balashov,Y-Sveshnikov,E/Podolsk, 1990
(18)})) 12. Bf4 $146 {'!' Chekhov,V.} ({Also good enough:} 12. Rb1 Bd6 13. Be3
Ke7 14. c4 Rb8 15. c5 Bc7 16. O-O $14 {Dolmatov,S-Sveshnikov,E/Minsk,1979 (1-0)
(57)}) 12... f6 {/\e5(point c7 for black's king)} 13. Rd1+ Ke8 14. Bc7 $14 {
[%mdl 4096] (+/- Chekhov,V)} a5 $1 {Black's plan is: a4-a3 and maybe Ra4-c4}
15. O-O {From my point is the best decision!} ({Senselessly:} 15. a4 {in view
of:} Bd7 {and badly:} 16. Bxb7 {because of:} Ra7 17. Rb1 Bxa4 $17) (15. f4 $5)
15... a4 16. Rb1 {With the idea 17.Rfd1<->d and 18.Bxb7.} Kf7 ({Much worse is:
} 16... Kd7 {because of:} 17. Bb6 e5 (17... Bd6 18. Rfd1 Ke7 19. c4 $16) 18.
Rfd1+ Ke8 19. Bc7 Ra7 $140 20. Bb8 $1 {[%csl Rb7]} Ra5 ({Loses:} 20... Ra8 21.
Bxb7 $140 Rxb8 $2 {in view of:} 22. Bc6+ {[%csl Rb8,Re8]}) 21. Bxb7 $16) 17.
Rfd1 a3 18. Rb3 {/\19.Bb7} ({Badly right away:} 18. Bxb7 {in view of:} Ra7 {
[%csl Rb7,Rc7]} 19. Bxc8 Rxc7 {[%csl Rc3,Rc8]} 20. Ba6 Rxc3 $11) 18... e5 {
[%csl Ra2][%cal Gc8e6]} 19. Bxb7 Ra7 ({Worse is:} 19... Bxb7 20. Rxb7 Ke6 {
[%cal Ga8a4,Ga4c4,Gh8c8] because of:} 21. f4 $1 {[%csl Re6] +/=/+/-} (21. Rb6+
$143 Kf7 22. Bd6 (22. c4 Rhc8 23. Rb7 Ke6 $11 {[%cal Ga8a4]}) 22... Bxd6 (22...
Ra7 $5) 23. Rdxd6 Rhd8 24. Rb7+ Kg6 25. Rxd8 Rxd8 26. Rb3 Rd2 27. Rxa3 Rxc2 $11
{[%csl Ra2,Rc3,Rf2]})) 20. Bd5+ (20. Bxc8 $143 Rxc8 (20... Rxc7 $6 21. Bb7 {
/\22.Bd5 and 23.c4+/=/+/-}) 21. Bb8 Ra6 {+/=/=}) 20... Be6 21. Bxe6+ (21. Bb6
$143 Rd7 22. Bxe6+ (22. c4 Rc8 $11 {[%csl Rc2,Rc4]}) 22... Kxe6 23. Rxd7 Kxd7 {
+/=/=}) 21... Kxe6 22. Rb6+ (22. Bb6 Rd7 {-transfer to 21.Bb6}) 22... Kf5 23.
Bb8 $6 {Important inaccuracy.} ({It is necessary:} 23. Rd7 Rc8 24. Rxe7 Raxc7
25. Rxc7 Rxc7 26. Rb3 {+/=/+/- R_|_}) 23... Ra8 24. Bd6 ({After:} 24. Bc7 {
black equalizes in the following way:} Bd8 $1 25. Rd7 (25. Bxd8 $144 Rhxd8 26.
Rxd8 Rxd8 27. Rb3 Rd2 28. Rxa3 Rxc2 $11 {[%csl Ra2,Rc3,Rf2]}) 25... Rc8 26.
Bxd8 Rhxd8 27. Rxd8 Rxd8 28. Rb3 Rd2 29. Rxa3 Rxc2 $11 {[%csl Ra2,Rc3,Rf2]})
24... Rhd8 25. Rd3 {[%csl Yc2][%cal Yc2d3,Gd6e7]} Bxd6 26. Rdxd6 Rxd6 27. Rxd6
Rc8 $5 ({Also good enough for equality:} 27... Rb8 28. Ra6 Rb2 29. Rxa3 Rxc2 {
[%csl Ra2,Rc3,Rf2]} 30. Ra7 (30. Kg2 e4 $11) 30... Kg6 $11) 28. Rd3 e4 ({
Weakly:} 28... Rc4 {in view of:} 29. f3 {[%csl Yf3][%cal Yf3e4,Gg1f2,Gf2e2,
Ge2d2]}) 29. Re3 Ke5 $1 {/\f5,g5 and f4(צe3;c3).By the exact play in the
endgame and with the slight help of white Valerij Filippov equalizes.} ({
Again dubious:} 29... Rc4 {because of:} 30. f3 exf3 31. Rxf3+ Ke4 32. Rd3 {
[%cal Gg1f2,Gf2e2,Ge2d2]}) 30. c4 {Differently 30...Rc4} Rxc4 31. Rxa3 Rxc2 32.
h4 (32. Ra7 $143 g5 $11) 32... g6 33. Ra5+ Kd4 34. Ra7 Kd3 $1 {[%cal Gd3e2]
After this move black has a forced way to draw.} 35. Rxh7 Rxa2 36. Rh6 Ke2 37.
Rxg6 Ra1+ 38. Kg2 Rf1 39. Rxf6 ({Also draw after:} 39. h5 Rxf2+ 40. Kh3 e3 41.
h6 Rf1 42. Kg4 (42. Kg2 Rf2+) 42... f5+ 43. Kg5 Kf3 44. h7 Rh1 45. Rh6 Rxh6 46.
Kxh6 e2 47. h8=Q e1=Q $11) 39... e3 40. Re6 ({Dangerously for white:} 40. f4
Rf2+ 41. Kh3 $8 (41. Kg1 $2 Kf3 42. Rc6 Rg2+ 43. Kh1 Rxg3 $19) 41... Kf3 42.
Re6 Rf1 43. Rxe3+ Kxe3 44. Kg4 {and most probably draw:} Ke4 45. h5 Rb1 46. h6
Rg1 47. Kg5 Rxg3+ 48. Kf6 $11) 40... Rxf2+ 41. Kh3 Rf3 {[%csl Rg3][%cal Ge2f2]}
42. Kg2 (42. h5 $144 Kf2 43. h6 e2 (43... Rxg3+ 44. Kh4 Rg1 45. Kh5 $11) 44.
Rxe2+ Kxe2 45. Kg4 $11) 42... Rf2+ 43. Kh3 1/2-1/2